Ochrana poľnohospodárskych plodín voči fungálnym infekciám diplomová práca
Salvato in:
| Autore principale: | |
|---|---|
| Natura: | Libro |
| Lingua: | slovacco |
| Pubblicazione: |
Bratislava
STU FCHPT
2017
|
| Accesso online: | Visualizza in OPAC |
| Tags: |
Nessun Tag, puoi essere il primo ad aggiungerne!!
|
MARC
| LEADER | 00000nam a2200000 a 4500 | ||
|---|---|---|---|
| 005 | 20260127134311.0 | ||
| 008 | 170620 2017 xo 001 0 slo d | ||
| 035 | |a vtls011698056 | ||
| 039 | 9 | |y 201706201025 |z mschk03 | |
| 040 | |a STUSCHK1 |b slo |c STUSCHK1 |e AACR2 | ||
| 100 | 1 | |a Zajíček, Matej | |
| 245 | 1 | |a Ochrana poľnohospodárskych plodín voči fungálnym infekciám |b diplomová práca |c Matej Zajiček | |
| 260 | |a Bratislava |b STU FCHPT |c 2017 | ||
| 300 | |a 78 s. |b il. |c 25 cm | ||
| 500 | |a Študijný program: biochémia a biomedicínske technológie | ||
| 500 | |a Študijný odbor: biotechnologie, chémia | ||
| 500 | |a Školiace pracovisko: Ústav biochémie a mikrobiológie | ||
| 500 | |a Evid. číslo: FCHPT-104538-42811 | ||
| 910 | |a SCHK95 | ||
| 999 | |c 9218 |d 9218 | ||